On war : (Record no. 185164)
[ view plain ]
| 000 -LEADER | |
|---|---|
| fixed length control field | 01053 a2200241 4500 |
| 003 - CONTROL NUMBER IDENTIFIER | |
| control field | NUST |
| 005 - DATE AND TIME OF LATEST TRANSACTION | |
| control field | 20221224114734.0 |
| 010 ## - LIBRARY OF CONGRESS CONTROL NUMBER | |
| LC control number | 97004412 |
| 020 ## - INTERNATIONAL STANDARD BOOK NUMBER | |
| International Standard Book Number | 0844409502 (pbk.) |
| 040 ## - CATALOGING SOURCE | |
| Transcribing agency | Nust |
| 082 00 - DEWEY DECIMAL CLASSIFICATION NUMBER | |
| Classification number | 355.02,CLA |
| 100 1# - MAIN ENTRY--PERSONAL NAME | |
| Personal name | Howard, Michael Eliot, |
| 9 (RLIN) | 105799 |
| 245 10 - TITLE STATEMENT | |
| Title | On war : |
| Remainder of title | Edited with an introduction by Anatol rapoprt / |
| Statement of responsibility, etc. | Carl Von Clausewitz |
| 246 30 - VARYING FORM OF TITLE | |
| Title proper/short title | On war |
| 260 ## - PUBLICATION, DISTRIBUTION, ETC. | |
| Place of publication, distribution, etc. | Washington : |
| Name of publisher, distributor, etc. | Library of Congress, |
| Date of publication, distribution, etc. | 1968 |
| 300 ## - PHYSICAL DESCRIPTION | |
| Extent | 22 p. ; |
| Dimensions | 23 cm. |
| 440 #2 - SERIES STATEMENT/ADDED ENTRY--TITLE | |
| Title | A Bradley lecture series publication |
| 9 (RLIN) | 105800 |
| 505 ## - FORMATTED CONTENTS NOTE | |
| Formatted contents note | Preface to the Pelican Edition (Page-9), Introduction by Anatol Rapoport (Page-11), On War (Page-83), Book one – On The Nature of War (Page-101), Book Two – On The Theory of War (Page-171), Book Three – Of Strategy in General (Page-241), Book Four- The Combat (Page-301), Sketches for book Eight – Plan of War (Page-365). |
| 600 10 - SUBJECT ADDED ENTRY--PERSONAL NAME | |
| Personal name | Clausewitz, Carl von, |
| Dates associated with a name | 1780-1831. |
| Title of a work | Vom Kriege. |
| 9 (RLIN) | 105801 |
| 650 #0 - SUBJECT ADDED ENTRY--TOPICAL TERM | |
| Topical term or geographic name entry element | Military art and science. |
| 9 (RLIN) | 37914 |
| 650 #0 - SUBJECT ADDED ENTRY--TOPICAL TERM | |
| Topical term or geographic name entry element | War. |
| 942 ## - ADDED ENTRY ELEMENTS (KOHA) | |
| Source of classification or shelving scheme | |
| Koha item type | Book |
| Call number prefix | 355.02,CLA |
| Withdrawn status | Lost status | Source of classification or shelving scheme | Damaged status | Not for loan | Permanent Location | Current Location | Shelving location | Date acquired | Full call number | Barcode | Date last seen | Price effective from | Koha item type | Public note |
|---|---|---|---|---|---|---|---|---|---|---|---|---|---|---|
| Military College of Signals (MCS) | Military College of Signals (MCS) | General Stacks | 12/12/2016 | 355.02,CLA | MCS21553 | 12/08/2016 | 12/12/2016 | Book | Almirah No.51, Shelf No.5 | |||||
| Military College of Signals (MCS) | Military College of Signals (MCS) | General Stacks | 12/12/2016 | 355.02,CLA | MCS21554 | 12/08/2016 | 12/12/2016 | Book | Almirah No.51, Shelf No.5 | |||||
| Military College of Signals (MCS) | Military College of Signals (MCS) | General Stacks | 12/12/2016 | 355.02,CLA | MCS21555 | 12/08/2016 | 12/12/2016 | Book | Almirah No.51, Shelf No.5 |
